000 00258nam a22001217a 4500
003 SGT
082 _a616.5
_bC03M
100 _aMACKIE, RONA M.
245 _aCLINICAL DERMATOLOGY
260 _aNEW YORK
_bOXFORD
_c2003
300 _a371
942 _2ddc
_cBK
_01
999 _c14878
_d14878